LEADER 01252nam0 2200289 i 450 001 VAN0011360 005 20150223022430.185 010 $a88-14-08681-8 100 $a20030122d2001 |0itac50 ba 101 $aita 102 $aIT 105 $a|||| ||||| 200 1 $aProblemi di armonizzazione dell'informazione contabile$eprocessi, attori, strumenti, un modello interpretativo$fStefano Adamo 210 $aMilano$cGiuffrè$d2001 215 $aXII, 164 p.$d22 cm. 620 $dMilano$3VANL000284 676 $a657.0218$v21 700 1$aAdamo$bStefano$3VANV008551$0116710 712 $aGiuffrè $3VANV109181$4650 801 $aIT$bSOL$c20230616$gRICA 899 $aBIBLIOTECA DEL DIPARTIMENTO DI ECONOMIA$1IT-CE0106$2VAN03 899 $aBIBLIOTECA DEL DIPARTIMENTO DI GIURISPRUDENZA$1IT-CE0105$2VAN00 912 $aVAN0011360 950 $aBIBLIOTECA DEL DIPARTIMENTO DI GIURISPRUDENZA$d00CONS VI.Ea.35 $e00 19409 20030122 950 $aBIBLIOTECA DEL DIPARTIMENTO DI ECONOMIA$d03PREST IIBf102 $e03 29152 20100427 996 $aProblemi di armonizzazione dell'informazione contabile$9512180 997 $aUNICAMPANIA LEADER 02129nam0 22005053i 450 001 VAN00284028 005 20250303070847.878 017 70$2N$a9789811916410 100 $a20241213d2022 |0itac50 ba 101 $aeng 102 $aSG 105 $a|||| ||||| 181 $ai$b e 182 $ab 200 1 $aComputational Optical Phase Imaging$fCheng Liu, Shouyu Wang, Suhas P. Veetil 210 $aSingapore$cSpringer$d2022 215 $ax, 301 p.$cill.$d24 cm 410 1$1001VAN00108129$12001 $aProgress in Optical Science and Photonics$1210 $aCham [etc.]$cSpringer$d2013-$v21 606 $a00A79 (77-XX)$xPhysics [MSC 2020]$3VANC023182$2MF 606 $a78-XX$xOptics, electromagnetic theory [MSC 2020]$3VANC022356$2MF 606 $a92C55$xBiomedical imaging and signal processing [MSC 2020]$3VANC022145$2MF 606 $a94-XX$xInformation and communication theory, circuits [MSC 2020]$3VANC019701$2MF 610 $aCoherent Diffraction Imaging$9KW:K 610 $aFluorescence imaging$9KW:K 610 $aHolography$9KW:K 610 $aImage reconstruction$9KW:K 610 $aImaging resolution$9KW:K 610 $aInterferometry$9KW:K 610 $aOptical Imaging$9KW:K 610 $aPhase information$9KW:K 610 $aPtychography$9KW:K 610 $aScattered light$9KW:K 620 $aSG$dSingapore$3VANL000061 700 1$aLiu$bCheng$3VANV237777$0517154 701 1$aVeetil$bSuhas P.$3VANV237779$01778018 701 1$aWang$bShouyu$3VANV237778$01778019 712 $aSpringer $3VANV108073$4650 801 $aIT$bSOL$c20250307$gRICA 856 4 $uhttps://doi.org/10.1007/978-981-19-1641-0$zE-book ? Accesso al full-text attraverso riconoscimento IP di Ateneo, proxy e/o Shibboleth 899 $aBIBLIOTECA DEL DIPARTIMENTO DI MATEMATICA E FISICA$1IT-CE0120$2VAN08 912 $fN 912 $aVAN00284028 950 $aBIBLIOTECA DEL DIPARTIMENTO DI MATEMATICA E FISICA$d08DLOAD e-Book 10138 $e08eMF10138 20241220 996 $aComputational Optical Phase Imaging$94300538 997 $aUNICAMPANIA